Tuyển tập truyện ngắn Lê Tri Kỷ : Truyện ngắn

Salvato in:
Dettagli Bibliografici
Autore principale: Lê Tri Kỷ
Natura: Libro
Lingua:Undetermined
Pubblicazione: Hà Nội Hội Nhà văn 2015
Soggetti:
Tags: Aggiungi Tag
Nessun Tag, puoi essere il primo ad aggiungerne! !
Thư viện lưu trữ: Trung tâm Học liệu Trường Đại học Cần Thơ
LEADER 00637nam a2200205Ia 4500
001 CTU_210112
008 210402s9999 xx 000 0 und d
082 |a 895.922334 
082 |b L250 
100 |a Lê Tri Kỷ 
245 0 |a Tuyển tập truyện ngắn Lê Tri Kỷ : 
245 0 |b Truyện ngắn 
245 0 |c Lê Tri Kỷ 
260 |a Hà Nội 
260 |b Hội Nhà văn 
260 |c 2015 
650 |a Vietnamese literature,Văn học Việt Nam 
650 |y 20th century,Thế kỷ 20 
904 |i Trần Thu Thảo, Trúc 
980 |a Trung tâm Học liệu Trường Đại học Cần Thơ